000 00316nam a2200109Ia 4500
008 200302s9999 xx 000 0 und d
100 _aCillero and de Motta
245 _aMandala design handbook manuel de design de mandala leitfaden fur mandala
260 _bBooqs Publishers Bvba
260 _c2010
300 _a559 P.,
999 _c4100
_d4100